000 00915nam a22001937a 4500
005 20240212113330.0
010 _aHIN-126858
020 _a9788119133604
_c495.00
035 _aHN-99204
037 _bDBAD/PUB
082 _a821.00
_21
_b1
100 _aअरविंदाक्षन , ए
_961884
245 _aकेदारनाथ सिंह की कविता
_hहिंदी
_cए . अरविन्दाक्षन
260 _aप्रयागराज
_bलोकभारती प्रकाशन
270 _bप्रयागराज
_aपहली मंजिल , दरबारी बिल्डिंग , महात्मा गांधी मार्ग
_e211001
300 _a 166 व्पृ..
_c22सेमी सजिल्द
700 _961818
_aअरविन्दाक्षन
942 _2ddc
_cHN
_h821.00
_mअरव
_e1
999 _c200646
_d200646